• 首页
  • 本馆介绍
  • 公告通知
  • 最新文献
  • 馆藏检索
  • 电子资源
  • 读者导购
  • 参考咨询
  • 我的图书馆
  • 登录
  • 详细信息显示
  • 放入我的书架
  • 预约/预借图书
  • 作者相关作品
  • 分类相关作品
  • 丛书相关作品
  • 出版社相关作品

书目信息

  • 表格格式
  • 工作单格式
  • 卡片格式
题名:
自由的有限性
    
 
作者: 邱志杰 著
分册:  
出版信息: 北京   中国人民大学出版社  2003
页数: 338页
开本: 24cm
丛书名: 朗朗书房
单 册:
中图分类: J052
科图分类:
主题词: 美术批评--中国--现代
电子资源:
ISBN: 7-300-04792-0
000 00863oam2 2200241 45
001 002507868
005 20070115163238.79
010    @a7-300-04792-0@dCNY49.80
100    @a20031120d2003 em y0chiy0110 ea
101 0  @achi
102    @aCN@b110000
105    @aa z 000yy
200 1  @a自由的有限性@Azi you de you xian xing@f邱志杰著@FQiu Zhi Jie Zhu
210    @a北京@c中国人民大学出版社@d2003
215    @a338页@c图@d24cm
225 2  @a朗朗书房@i当代中国艺术批评文丛
330    @a本书是作者对当代艺术理论的核心问题的艰苦思考,激烈批评了中国艺术中泛滥的庸俗社会学理论,提倡艺术语言自身的实验性,引发了美术理论界影响深远的“意义问题讨论”,促进了中国非架上艺术在学术层面的深化。
410    @12001 @a朗朗书房
606 0  @a美术批评@y中国@z现代
690    @aJ052@v4
701  0 @a邱志杰@4著
801  0 @aCN@bNLC@c20070115
905    @b341013-017@dJ052@e115@f5
    
    自由的有限性/邱志杰著.-北京:中国人民大学出版社,2003
    338页:图;24cm.-(朗朗书房.当代中国艺术批评文丛)
    
    
    ISBN 7-300-04792-0:CNY49.80
    本书是作者对当代艺术理论的核心问题的艰苦思考,激烈批评了中国艺术中泛滥的庸俗社会学理论,提倡艺术语言自身的实验性,引发了美术理论界影响深远的“意义问题讨论”,促进了中国非架上艺术在学术层面的深化。
●
相关链接 在E读中查询图书 在五车中查询图书 在当当中查询图书 在豆瓣中查询图书


正题名:自由的有限性     索取号:J052/115         预约/预借

序号 登录号 条形码 馆藏地/架位号 状态 备注
1 0341013   203410139   第一样本阅览室/ [索取号:J052/115] 在馆    
2 0341014   203410148   第一借阅区/ [索取号:J052/115] 在馆    
3 0341015   203410157   第一借阅区/ [索取号:J052/115] 在馆    
4 0341016   203410166   第一借阅区/ [索取号:J052/115] 在馆    
5 0341017   203410175   第一借阅区/ [索取号:J052/115] 在馆    
6 0617909   206179099   第一借阅区/ [索取号:J052/115] 在馆    
7 0617910   206179106   第一借阅区/ [索取号:J052/115] 在馆    
8 0617911   206179115   第一借阅区/ [索取号:J052/115] 在馆    
唐山师范学院图书馆 欢迎您!
大连网信软件有限公司© 版权所有